Hurried Hexagon Hopping - Countries Quiz Stats

 Plays Quiz Updated Mar 18, 2019

Score 0/61 Timer 01:00
7 Plays Today
% Correct
Samoa
100%
Bahamas
96.5%
Macedonia
96.5%
Samoa
96.5%
Oman
95.8%
Gabon
91.8%
Bahamas
91.8%
Pakistan
91.6%
Namibia
91.1%
Iceland
90.7%
Afghanistan
90.4%
Denmark
90.3%
Cabo Verde
90.2%
Macedonia
90.2%
Fiji
90%
Taiwan
89.3%
Egypt
89.3%
Yemen
89.2%
Gabon
89.2%
Haiti
88.4%
Cabo Verde
88.4%
Vanuatu
88.2%
Laos
88.2%
UAE
87.9%
Pakistan
87.8%
Namibia
87.4%
Fiji
87.1%
Iceland
86.9%
Afghanistan
86.2%
Kazakhstan
86.1%
Russia
85%
% Correct
Zambia
84.1%
Taiwan
84.1%
Oman
84%
Yemen
83.9%
Jamaica
83.7%
Laos
83.7%
Denmark
83.6%
Haiti
83.2%
Egypt
82.7%
UAE
82.3%
Vanuatu
81.9%
Zambia
81.1%
Jamaica
81%
Russia
80.5%
Kazakhstan
77.4%
Kazakhstan
77.4%
Kazakhstan
77.4%
Kazakhstan
77.4%
Kazakhstan
77.4%
Kazakhstan
77.4%
Kazakhstan
77.4%
Kazakhstan
77.4%
Kazakhstan
77.4%
Kazakhstan
77.4%
Kazakhstan
77.4%
Kazakhstan
77.4%
Kazakhstan
77.4%
Kazakhstan
77.4%
Kazakhstan
77.4%
Kazakhstan
77.4%

You're not logged in!

Compare scores with friends on all Sporcle quizzes.
OR
Log In

Sporcle TV

Today on Sporcle TV


Watch our educational content, quiz creation guides, and fun videos on Sporcle TV.

Show Comments

Extras

Top Quizzes Today


Score Distribution

Your Account Isn't Verified!

In order to create a playlist on Sporcle, you need to verify the email address you used during registration. Go to your Sporcle Settings to finish the process.

Report this User

Report this user for behavior that violates our Community Guidelines.

Details: